[Event "Ch Hungary"]
[Site "masterchessopen.com Budapest (Hungary)"]
[Round "0"]
[White "Pogats Jozsef (HUN)"]
[Black "Szabo Laszlo (HUN)"]
[Result "0-1"]
[WhiteElo "2230"]
[BlackElo "1903"]

1.e4 c5 2.Nf3 Nc6 3.d4 cxd4 4.Nxd4 g6 5.c4 Bg7 6.Nc2 d6 7.Be2 Nh6 8.Nc3 f5
9.O-O O-O 10.Ne3 f4 11.Ned5 Be5 12.a3 g5 13.Bh5 Kg7 14.Kh1 Ng8 15.g3 e6 16.Nb4
Nxb4 17.axb4 Qf6 18.gxf4 gxf4 19.Qf3 Kh8 20.Rg1 Qh6 21.Bd2 Nf6 22.Bg4 Bd7
23.Bh3 a6 24.Bg2 Rac8 25.b3 Qh4 26.Rae1 Ng4 27.h3 Nxf2+ {#R} 0-1

[Event "Ch Moscow"]
[Site "masterchessopen.com Moscow (Russia)"]
[Round "14"]
[White "Estrin Yakov B (RUS)"]
[Black "Vasiukov Evgeni (RUS)"]
[Result "0-1"]
[WhiteElo "2450"]
[BlackElo "2455"]

1.e4 c5 2.Nf3 Nc6 3.d4 cxd4 4.Nxd4 g6 5.c4 Bg7 6.Nc2 d6 7.Bd3 Nf6 8.Nc3 O-O
9.O-O a6 10.Ne3 Nd7 11.Ncd5 Nc5 12.Rb1 e6 { ! } 13.Nc3 b6 14.Qd2 Bb7 15.f3
Nxd3 16.Qxd3 Ne5 17.Qe2 b5 { ! } 18.cxb5 axb5 19.Nxb5 Rxa2 20.Nc3 Ra8 21.Rd1
Ba6 22.Qc2 Qb6 23.Kh1 f5 24.f4 ( { ? } 24.b4 { ? b5, ?b3 Alatortsev } )
24...Nf7 25.Nf1 fxe4 26.Nxe4 Rac8 27.Qf2 Qc6 28.Nc3 g5 { ! } 29.Qg3 d5 30.Re1
d4 31.Nd1 gxf4 32.Bxf4 e5 33.Rc1 Qf6 34.Rxc8 Rxc8 35.Qa3 exf4 {#R} 0-1

[Event "Ch Buenos Aires"]
[Site "masterchessopen.com Buenos Aires (Argentina)"]
[Round "0"]
[White "Polo Gomez Vicente (ARG)"]
[Black "Rubinetti Jorge (ARG)"]
[Result "1-0"]
[WhiteElo "2212"]
[BlackElo "2382"]

1.e4 c5 2.Nf3 Nc6 3.d4 cxd4 4.Nxd4 g6 5.c4 Bg7 6.Nc2 b6 7.Be2 Bb7 8.O-O Rc8
9.Nba3 Nf6 10.f3 O-O 11.Rb1 d6 12.b3 Nd7 13.Qd2 Nc5 14.Bb2 a5 15.Bxg7 Kxg7
16.Nb5 Qd7 17.Ne3 Rb8 18.Rfd1 f6 19.Nc3 Ne5 20.a3 Bc6 21.b4 axb4 22.axb4 Ne6
23.Ned5 Nc7 24.f4 Nf7 25.Qd4 Bxd5 26.cxd5 b5 27.Ra1 Ra8 28.Ra5 Rxa5 29.bxa5 e5
30.dxe6 Nxe6 31.Bxb5 Qd8 32.Qb6 Nxf4 33.Qxd8 Rxd8 34.a6 Ra8 35.Na4 Ra7 36.Nb6
Ne6 37.Nc8 Ra8 38.Nxd6 Rd8 39.Ne8+ {#r} 1-0

[Event "It"]
[Site "masterchessopen.com Buenos Aires (Argentina)"]
[Round "0"]
[White "Keres Paul (EST)"]
[Black "Letelier Rene (CHI)"]
[Result "1-0"]
[WhiteElo "2580"]
[BlackElo "2151"]

1.e4 c5 2.Nf3 g6 3.d4 cxd4 4.Nxd4 Bg7 5.c4 Nc6 6.Nc2 d6 7.Be2 Be6 8.O-O a6
9.Ne3 Nf6 10.Nc3 Nd7 11.Ned5 O-O 12.Bg5 Nc5 13.Rc1 a5 14.Re1 b6 15.Bf1 Ra7
16.Qd2 Bc8 17.Rcd1 Ba6 18.h4 h5 19.b3 Rb7 20.Rb1 Ne6 21.Be3 Rb8 22.a3 Ne5
23.Be2 Ng4 24.Bxg4 hxg4 25.Qe2 Nc5 26.Bg5 Re8 27.Qxg4 a4 28.Nxa4 Nxa4 29.bxa4
Bxc4 30.h5 Bxd5 31.exd5 Qc7 32.hxg6 {#r} 1-0

[Event "It (open)"]
[Site "masterchessopen.com Kiel (Germany)"]
[Date "1965.05.12"]
[Round "4"]
[White "Schwenkreis Thomas (GER)"]
[Black "Heil Siegfried (GER)"]
[Result "1-0"]
[WhiteElo "2194"]
[BlackElo "2341"]

1.e4 c5 2.Nf3 Nc6 3.d4 cxd4 4.Nxd4 g6 5.c4 Bg7 6.Nc2 d6 7.Be2 f5 8.exf5 Bxf5
9.O-O Nh6 10.Nc3 O-O 11.Ne3 Nd4 12.Re1 Rc8 13.Bf1 Kh8 14.Ne2 Nc6 15.Nf4 Bd7
16.Nd3 Nf5 17.c5 Ncd4 18.Nxf5 Bxf5 19.Bg5 Ne6 20.cxd6 Qxd6 21.Bh4 Rfd8 22.Bg3
Qd5 23.Ne5 Nd4 24.Rc1 Rxc1 25.Qxc1 Rc8 26.Bc4 Bf6 27.Kh1 Qa5 28.Nf7+ Kg8
29.Nd6+ Rxc4 30.Qxc4+ Kh8 31.Rxe7 {#r} 1-0

[Event "Zt"]
[Site "masterchessopen.com Hague (Netherlands)"]
[Round "0"]
[White "Durao Joaquim (POR)"]
[Black "Conrady Alphonse (LUX)"]
[Result "1-0"]
[WhiteElo "1914"]
[BlackElo "2027"]

1.e4 c5 2.Nf3 Nc6 3.d4 cxd4 4.Nxd4 g6 5.c4 Bg7 6.Nc2 d6 7.Ne3 Nh6 8.g4 Ng8
9.Nc3 Nf6 10.Be2 h5 11.g5 Nd7 12.O-O Nc5 13.f3 Bh3 14.Rf2 O-O 15.Bf1 Qd7
16.Ned5 Bxf1 17.Rxf1 f5 18.gxf6 exf6 19.Be3 Rad8 20.Qe2 f5 21.exf5 Rxf5
22.Rad1 Qf7 23.Bxc5 dxc5 24.Ne7+ Kh7 25.Nxf5 Rxd1 26.Rxd1 Qxf5 27.Ne4 Nd4
28.Qg2 Nxf3+ 29.Qxf3 {#r} 1-0

[Event "Cup Clare Benedict"]
[Site "masterchessopen.com Bad Aibling (Germany)"]
[Date "1968.05.03"]
[Round "4"]
[White "Walther Edgar (SUI)"]
[Black "Ree Hans (NED)"]
[Result "1-0"]
[WhiteElo "2254"]
[BlackElo "2379"]

1.e4 c5 2.Nf3 Nc6 3.d4 cxd4 4.Nxd4 g6 5.c4 Bg7 6.Nc2 d6 7.Be2 f5 8.exf5 Bxf5
9.O-O Nh6 10.Nc3 O-O 11.Ne3 Rc8 12.c5 dxc5 13.Qb3+ Kh8 14.Qxb7 Rc7 15.Qa6 Nd4
16.Bc4 e6 17.Nb5 Rc6 18.Qxa7 Qh4 19.Nxd4 cxd4 20.Nxf5 gxf5 21.Qa4 Ng4 22.Bf4
Rb6 23.h3 Nh6 24.Bc7 Rb7 25.Bd6 Rd8 26.Rfe1 d3 27.Rxe6 Rbd7 {#r} 1-0

[Event "Ch Czechoslovakia (under 26)"]
[Site "masterchessopen.com Czechoslovakia"]
[Round "1"]
[White "Prandstetter Eduard (CZE)"]
[Black "Vrabec Milos (CZE)"]
[Result "1-0"]
[WhiteElo "2296"]
[BlackElo "2175"]

1.e4 c5 2.Nf3 Nc6 3.d4 cxd4 4.Nxd4 g6 5.c4 Bg7 6.Nc2 Nf6 7.Nc3 d6 8.Be2 Be6
9.Qd2 Rc8 10.b3 Qa5 11.f3 O-O 12.Bb2 a6 13.O-O Rfd8 14.Rad1 Nd7 15.f4 Nf6
16.Bf3 b5 17.cxb5 axb5 18.Ne3 Nd4 19.Qxd4 Nd5 20.Qxg7+ Kxg7 21.Ncxd5+ Kf8
22.a3 Qa7 23.Rf2 h6 24.g4 Bxd5 25.Nxd5 e6 26.Nb4 Qe3 27.f5 gxf5 28.exf5 Ke7
29.Rd3 Qb6 30.Bd4 Qa5 31.fxe6 fxe6 32.Bc6 Rf8 33.Nd5+ exd5 34.Re3+ Kd8
35.Rxf8+ Kc7 36.Re7+ {#r} 1-0

[Event "Zt"]
[Site "masterchessopen.com Raach (Germany)"]
[Round "4"]
[White "Adamski Jan (POL)"]
[Black "Espig Lutz (GER)"]
[Result "0-1"]
[WhiteElo "2297"]
[BlackElo "2346"]

1.Nf3 c5 2.c4 g6 3.d4 cxd4 4.Nxd4 Bg7 5.e4 Nc6 6.Nc2 d6 7.Be2 Nh6 8.g4 Be6
9.f4 Rc8 10.Nba3 Qb6 11.Rb1 Nb4 12.Nxb4 Qxb4+ 13.Kf2 f5 14.Bd2 Qc5+ 15.Be3 Qc6
16.exf5 gxf5 17.h3 fxg4 18.hxg4 O-O 19.Bf3 Qd7 20.Rh4 Nf7 21.Qd3 h6 22.Qg6 b5
23.Bd4 Ne5 24.fxe5 dxe5 25.Be3 Rf6 26.Qe4 Rcf8 27.Ke2 Rxf3 28.Rd1 Qc8 29.Rdh1
Rg3 30.Bxh6 Bxg4+ 31.Ke1 Bf5 32.Qd5+ e6 33.Qxb5 Qd8 34.Qc5 Qd3 35.Bd2 Bh3
36.Kd1 Rf1+ 37.Rxf1 Qxf1+ 38.Be1 Rd3+ 39.Kc2 Qe2+ {#R} 0-1

[Event "Tournament (team)"]
[Site "masterchessopen.com Pinamar (Argentina)"]
[Round "1"]
[White "Hase Juan C (ARG)"]
[Black "Sumiacher Carlos (ARG)"]
[Result "0-1"]
[WhiteElo "2420"]
[BlackElo "2315"]

1.e4 c5 2.Nf3 Nc6 3.d4 cxd4 4.Nxd4 g6 5.c4 Bg7 6.Nc2 d6 7.Be2 f5 8.exf5 Bxf5
9.O-O Nh6 10.Ne3 Bd7 11.Nc3 O-O 12.h4 Nd4 13.h5 e6 14.hxg6 Qh4 15.Bg4 Be5
16.gxh7+ Kh8 17.Bh3 Nf3+ 18.Kh1 Bc6 19.Qd3 Ne1 20.Nf5 Bxg2+ 21.Kg1 Rxf5
22.Bxh6 Nxd3 23.Kxg2 Rxf2+ {#R} 0-1

[Event "Ch Czechoslovakia"]
[Site "masterchessopen.com Ostrava (Czech Republic)"]
[Round "6"]
[White "Lanc Alois (SVK)"]
[Black "Privara Igor (SVK)"]
[Result "1-0"]
[WhiteElo "2367"]
[BlackElo "2264"]

1.e4 c5 2.Nf3 Nc6 3.d4 cxd4 4.Nxd4 g6 5.c4 Bg7 6.Nc2 d6 7.Be2 f5 8.exf5 Bxf5
9.O-O Nh6 10.Nc3 O-O 11.Nd5 Rc8 12.Bg5 Qd7 13.Rb1 Be6 14.Qd2 Nf5 15.Rfe1 h6
16.Bf4 Rf7 17.b3 Rcf8 18.Bg4 Ne5 19.Bxe5 Bxe5 20.Rbd1 Nh4 21.Bxe6 Qxe6 22.f4
Rxf4 23.Nxf4 Qg4 24.Qd5+ Rf7 25.Rxe5 dxe5 26.Nh3 e6 27.Ne3 Qh5 28.Qxe6 Nxg2
29.Ng4 {#r} 1-0

[Event "Tournament"]
[Site "masterchessopen.com Jaszbereny (Hungary)"]
[Round "0"]
[White "Rigo Janos (HUN)"]
[Black "Demeter Istvan (HUN)"]
[Result "1-0"]
[WhiteElo "2319"]
[BlackElo "2024"]

1.e4 c5 2.Nf3 Nc6 3.d4 cxd4 4.Nxd4 g6 5.c4 Bg7 6.Nc2 Nf6 7.Nc3 O-O 8.Be2 d6
9.O-O Bd7 10.b3 Rc8 11.Rb1 a6 12.Bb2 Qa5 13.Kh1 Rfd8 14.f4 b5 15.a3 bxc4 16.b4
Qb6 17.Bxc4 Ng4 18.Qd2 Nd4 19.Nd5 Rxc4 20.Nxb6 Rxc2 21.Qd1 Ne3 22.Qd3 Nxf1
23.Bxd4 Rd2 24.Qxa6 Bxd4 25.Rxf1 Bg4 26.Qa5 Rb8 27.Nd5 Kf8 28.Qc7 Rc8 29.Qxe7+
Kg7 30.f5 Rcc2 31.f6+ Kh6 32.Qf8+ Kg5 33.h4+ Kxh4 34.Qh6+ Bh5 35.Rf4+ {#r} 1-0

[Event "It"]
[Site "masterchessopen.com Stip (Macedonia)"]
[Round "6"]
[White "Piasetski Leon (CAN)"]
[Black "Golomeov Todor"]
[Result "1-0"]
[WhiteElo "2305"]
[BlackElo "2200"]

1.c4 g6 2.e4 c5 3.Nf3 Bg7 4.d4 cxd4 5.Nxd4 Nc6 6.Nc2 Nf6 7.Nc3 O-O 8.Be2 d6
9.O-O Nd7 10.Bd2 Nc5 11.b4 Ne6 12.Rc1 a5 13.a3 axb4 14.axb4 Bd7 15.Re1 Ned4
16.Nxd4 Nxd4 17.Bf1 Ra3 18.Rb1 f5 19.Nd5 e6 20.Be3 exd5 21.Bxd4 fxe4 22.Bxg7
Kxg7 23.Qxd5 Qf6 24.Qxb7 Qxf2+ 25.Kh1 Ra7 26.Qd5 Bg4 27.Qxd6 Raf7 28.h3 Qh4
29.Qd4+ Kg8 30.Qxe4 Rf4 31.Qd5+ Kg7 32.Qe5+ Kh6 33.Qe3 g5 34.Be2 Bf5 35.Rbd1
Re4 36.Qc5 Bxh3 37.Qxf8+ Kg6 38.Kg1 Bf5 39.Rf1 {#r} 1-0

[Event "It \"]
[Site "masterchessopen.com Habana (Cuba)"]
[Round "11"]
[White "Mateo Ramon (DOM)"]
[Black "Velez Nestor (CUB)"]
[Result "1-0"]
[WhiteElo "2427"]
[BlackElo "2302"]

1.e4 c5 2.Nf3 Nc6 3.d4 cxd4 4.Nxd4 g6 5.c4 Bg7 6.Nc2 Nf6 7.Nc3 O-O 8.Be2 d6
9.O-O Be6 10.Be3 Rc8 11.h3 Qa5 12.Qd2 Ne5 13.b3 b5 14.f4 b4 15.Nd5 Nxe4
16.Nxe7+ Kh8 17.Qxb4 Qxb4 18.Nxb4 Rce8 19.fxe5 Rxe7 20.Bf3 Bd7 21.exd6 Nxd6
22.Bxa7 Bxa1 23.Rxa1 Ne4 24.Nd5 {#r} 1-0

[Event "Ch Finland"]
[Site "masterchessopen.com Helsinki (Finland)"]
[Round "2"]
[White "Viljava Tapani (FIN)"]
[Black "Maki Veijo (FIN)"]
[Result "0-1"]
[WhiteElo "2186"]
[BlackElo "2315"]

1.e4 c5 2.Nf3 Nc6 3.d4 cxd4 4.Nxd4 g6 5.c4 Bg7 6.Nc2 Nh6 7.Nc3 d6 8.h4 f5 9.h5
Ng4 10.hxg6 hxg6 11.Rxh8+ Bxh8 12.exf5 gxf5 13.Ne3 Bxc3+ 14.bxc3 Qa5 15.Qc2
Nd4 16.Qb2 Bd7 17.Bd2 Ne6 18.Qxb7 Rc8 19.Qf3 Nxe3 20.Qxe3 Rc5 21.f4 Rc8 22.Be2
Nc5 23.Kf2 Ne4+ 24.Kg1 Rb8 25.Be1 Rb2 26.Bf3 Qc5 27.Qxc5 Nxc5 28.Bf2 Be6
29.Bxc5 dxc5 30.Bd5 Bxd5 31.cxd5 Kd7 32.Kh2 Kd6 33.c4 Rb4 34.Re1 Rxc4 35.Re6+
Kd7 36.Ra6 Rxf4 37.Rxa7+ Kd6 38.Kg3 {#R} 0-1

[Event "?"]
[Site "masterchessopen.com Helsinki (Finland)"]
[Round "0"]
[White "Viljava Tapani (FIN)"]
[Black "Welin Thomas (SWE)"]
[Result "1-0"]
[WhiteElo "2186"]
[BlackElo "2375"]

1.e4 c5 2.Nf3 Nc6 3.d4 cxd4 4.Nxd4 g6 5.c4 Bg7 6.Nc2 d6 7.Be2 f5 8.exf5 Bxf5
9.O-O Nh6 10.Nc3 O-O 11.Be3 Bxc2 12.Qxc2 Nf5 13.Bd2 Rc8 14.Rad1 e6 15.Qe4 Qe7
16.b3 Ncd4 17.Bg4 Rc5 18.Bf4 Qf7 19.Rxd4 Bxd4 20.Bxd6 Nxd6 21.Qxd4 Rg5 22.f3
h5 23.Bh3 Nf5 24.Qd2 Qe7 25.Ne4 Ne3 26.Qxe3 Ra5 27.Rd1 Rxa2 28.Nc5 e5 29.Be6+
{#r} 1-0

[Event "Ch Slovakia"]
[Site "masterchessopen.com Nova Bana (Slovakia)"]
[Round "11"]
[White "Drtina Milan (SVK)"]
[Black "Privara Igor (SVK)"]
[Result "0-1"]
[WhiteElo "2247"]
[BlackElo "2264"]

1.e4 c5 2.Nf3 Nc6 3.d4 cxd4 4.Nxd4 g6 5.c4 Bg7 6.Nc2 Nf6 7.Nc3 b6 8.Be3 Bb7
9.f3 O-O 10.Qd2 Qb8 11.Be2 d6 12.Bh6 Rc8 13.Bxg7 Kxg7 14.Nd5 Nxd5 15.cxd5 Ne5
16.f4 Nd7 17.Bg4 Rc7 18.Bxd7 Rxd7 19.O-O Rc7 20.f5 Qh8 21.Ne3 Rac8 22.Ng4 h5
23.f6+ Kg8 24.Nh6+ Kf8 25.Nxf7 Kxf7 26.fxe7+ Kxe7 27.Qg5+ Kd7 28.Qxg6 Re8
29.Rf7+ Kc8 30.Qxd6 Qd4+ 31.Kh1 Qc5 32.Qg6 Rxf7 33.Qxf7 Qe7 34.Rc1+ Kb8
35.Qf4+ Qe5 36.Qf2 Qxe4 37.d6 Rg8 38.Rg1 Qd3 {#R} 0-1

[Event "Tournament"]
[Site "masterchessopen.com Blagovescensk (Russia)"]
[Round "0"]
[White "Neverov Valeriy (UKR)"]
[Black "Kozlov Vladimir E (RUS)"]
[Result "1-0"]
[WhiteElo "2440"]
[BlackElo "2376"]

1.e4 c5 2.Nf3 Nc6 3.d4 cxd4 4.Nxd4 g6 5.c4 Bg7 6.Nc2 d6 7.Be2 Nf6 8.Nc3 O-O
9.Be3 Be6 10.Nd4 Nxd4 11.Bxd4 Qa5 12.O-O Rfc8 13.b3 a6 14.f4 b5 15.f5 Bd7
16.Bxf6 Bxf6 17.Nd5 Bxa1 18.Nxe7+ Kf8 19.Qxd6 Bd4+ 20.Qxd4 Kxe7 21.fxg6 Be6
22.gxf7 Qxa2 23.c5 Kf8 24.Qh8+ Ke7 25.Qg7 {#r} 1-0

[Event "It (open)"]
[Site "masterchessopen.com Balatonbereny (Hungary)"]
[Round "6"]
[White "Tischbierek Raj (GER)"]
[Black "Radosavljevic Slobodan (SRB)"]
[Result "1-0"]
[WhiteElo "2454"]
[BlackElo "2248"]

1.e4 c5 2.Nf3 Nc6 3.d4 cxd4 4.Nxd4 g6 5.c4 Bg7 6.Nc2 Nf6 7.Nc3 d6 8.Be2 O-O
9.O-O Nd7 10.Qd2 a5 11.Re1 Nc5 12.Bf1 a4 13.f3 Qa5 14.Qf2 a3 15.Nd1 axb2
16.Bxb2 Bxb2 17.Nxb2 Qc3 18.Nd1 Qg7 19.Nde3 Be6 20.Qd2 Ra4 21.Nd5 Rfa8
22.Nxe7+ Nxe7 23.Qxd6 Nb3 24.axb3 Rxa1 25.Rxa1 Rxa1 26.Qd8+ {#r} 1-0

[Event "It (open)"]
[Site "masterchessopen.com Buenos Aires (Argentina)"]
[Round "0"]
[White "Rubinetti Jorge (ARG)"]
[Black "Garbarino Rodolfo (ARG)"]
[Result "0-1"]
[WhiteElo "2382"]
[BlackElo "2339"]

1.Nf3 c5 2.c4 g6 3.d4 cxd4 4.Nxd4 Bg7 5.e4 Nc6 6.Nc2 d6 7.Be2 f5 8.exf5 Bxf5
9.O-O Nh6 10.Nc3 O-O 11.Ne3 Kh8 12.Nxf5 Nxf5 13.Bg4 Ne5 14.Bxf5 Rxf5 15.Qb3
Qd7 16.f4 Raf8 17.Rd1 Qc6 18.Nd5 Nxc4 19.Nxe7 Qc5+ 20.Kh1 Rh5 21.Bd2 Qd4
22.Bc3 Qxf4 23.Bxg7+ Kxg7 24.h3 Ne3 25.Qe6 Nxd1 26.Rxd1 Re5 27.Qd7 Rf7 {#R}
0-1

[Event "It (open)"]
[Site "masterchessopen.com Dieren (Netherlands)"]
[Round "8"]
[White "Nijboer Friso (NED)"]
[Black "Nemet Ivan (SUI)"]
[Result "0-1"]
[WhiteElo "2375"]
[BlackElo "2348"]

1.e4 c5 2.Nf3 Nc6 3.d4 cxd4 4.Nxd4 g6 5.c4 Bg7 6.Nc2 a6 7.Nc3 Rb8 8.Be2 b5
9.cxb5 axb5 10.a3 Nf6 11.f4 O-O 12.e5 Ne8 13.Bxb5 Bb7 14.Be2 d6 15.exd6 Nxd6
16.Bf3 Qa5 17.O-O Nf5 18.Qe1 Ba6 19.Rf2 Ncd4 20.b4 Nxf3+ 21.gxf3 Qc7 22.Bb2
Rfd8 23.Ne3 Nxe3 24.Qxe3 Rd3 25.Qe2 Bxc3 26.Rc1 Qd6 27.Rxc3 Rd1+ 28.Qxd1 Qxd1+
{#R} 0-1

[Event "Olympiad"]
[Site "masterchessopen.com Salonika (Greece)"]
[Round "0"]
[White "Clarke Thomas (IRL)"]
[Black "Weemaes Ronald (BEL)"]
[Result "0-1"]
[WhiteElo "2205"]
[BlackElo "2282"]

1.e4 c5 2.Nf3 Nc6 3.d4 cxd4 4.Nxd4 g6 5.c4 Bg7 6.Nc2 Nf6 7.Nc3 d6 8.Be2 Be6
9.O-O O-O 10.Bg5 Nd7 11.Qd2 Qa5 12.Bh6 Bxh6 13.Qxh6 Nce5 14.Ne3 Nb6 15.Ned5
Bxd5 16.exd5 Nexc4 17.Ne4 f6 18.Rfd1 Ne5 19.a3 Rac8 20.Qh3 Qa4 21.b4 Qd7
22.Qe3 Rc7 23.h4 Nbc4 24.Qd4 Rfc8 25.h5 Nb6 26.a4 Rc2 27.Ng3 Nxa4 28.hxg6 hxg6
29.f4 Nc3 30.fxe5 Nxe2+ 31.Nxe2 Rxe2 32.e6 Qb5 33.Qg4 Kg7 34.Ra5 Qb6+ 35.Rc5
Re5 36.Rd3 dxc5 37.Rh3 cxb4+ 38.Kh2 Rc1 {#R} 0-1

[Event "It"]
[Site "masterchessopen.com Sagua la Grande (Cuba)"]
[Round "6"]
[White "Guevara Martin (NCA)"]
[Black "De Armas Asela (CUB)"]
[Result "1-0"]
[WhiteElo "2204"]
[BlackElo "2154"]

1.e4 c5 2.Nf3 Nc6 3.c4 g6 4.d4 cxd4 5.Nxd4 Bg7 6.Nc2 d6 7.Be2 Nf6 8.Nc3 O-O
9.O-O b6 10.Bg5 Bb7 11.Qd2 Ne5 12.f3 Rc8 13.Ne3 h6 14.Bh4 Kh7 15.Rac1 Ned7
16.b3 Nc5 17.Ned5 Nxd5 18.exd5 f5 19.b4 Nd7 20.Nb5 g5 21.Bf2 a6 22.Nd4 Bxd4
23.Qxd4 Qe8 24.Bd3 Kg8 25.Rfe1 {#r} 1-0

[Event "It"]
[Site "masterchessopen.com Salamanca (Spain)"]
[Round "0"]
[White "Sion Castro Marcelino (ESP)"]
[Black "Giorgadze Tamaz (GEO)"]
[Result "0-1"]
[WhiteElo "2315"]
[BlackElo "2510"]

1.e4 g6 2.d4 Bg7 3.Nf3 c5 4.c4 cxd4 5.Nxd4 Nc6 6.Nc2 d6 7.Be2 Nf6 8.Nc3 Nd7
9.Qd2 O-O 10.O-O a5 11.b3 Nc5 12.f3 f5 13.exf5 gxf5 14.Bb2 f4 15.Rab1 Bf5
16.Nd5 e5 17.Rbd1 Re8 18.Na3 Re6 19.Rfe1 Qh4 20.Bf1 Rh6 21.h3 Rg6 22.Kh1 Qg3
23.Kg1 Qxf3 24.Qf2 Qxf2+ 25.Kxf2 Bf8 26.Nb5 Nb4 {#R} 0-1

[Event "It (open)"]
[Site "masterchessopen.com Hastings (England)"]
[Round "0"]
[White "Conquest Stuart (ENG)"]
[Black "Naumann Frank (GER)"]
[Result "1-0"]
[WhiteElo "2460"]
[BlackElo "2290"]

1.e4 c5 2.Nf3 Nc6 3.d4 cxd4 4.Nxd4 g6 5.c4 Bg7 6.Nc2 Nf6 7.Nc3 O-O 8.Be2 d6
9.O-O a6 10.Bd2 e6 11.Be3 Qc7 12.Rc1 b6 13.f3 Bb7 14.Qe1 Rfe8 15.Qf2 Nd7
16.Rfd1 Rab8 17.Rd2 Nce5 18.Na3 f5 19.exf5 gxf5 20.Rcd1 Nf7 21.Nc2 Bc8 22.Bd4
Nf6 23.Nb4 a5 24.Nb5 Qb7 25.Nc2 Bd7 26.Bxf6 Bxf6 27.Nxd6 Nxd6 28.Rxd6 Re7
29.Qg3+ Kf7 30.f4 Rg8 31.Qf2 Rb8 32.Nd4 Kg8 33.Nxf5 exf5 34.Rxf6 Bc6 35.Rxf5
{#r} 1-0

[Event "Ch Australia"]
[Site "masterchessopen.com Sydney (Australia)"]
[Round "8"]
[White "Gedevanishvili Dmitry (AUS)"]
[Black "Laird Craig (AUS)"]
[Result "1-0"]
[WhiteElo "2380"]
[BlackElo "2297"]

1.Nf3 c5 2.c4 Nc6 3.d4 cxd4 4.Nxd4 g6 5.e4 Bg7 6.Nc2 Qb6 7.Nd2 Nf6 8.Be2 O-O
9.O-O Nd4 10.e5 Nxe2+ 11.Qxe2 Ne8 12.Nb3 f6 13.Be3 Qc7 14.exf6 Nxf6 15.Bd4 b6
16.Ne3 Ba6 17.Bxf6 Bxf6 18.Rac1 Qe5 19.Rfd1 Rad8 20.Nd4 d5 21.Nc6 Qe4 22.Nxd8
Rxd8 23.Qc2 Qxc2 24.Rxc2 d4 25.Nd5 Kf7 26.Nxf6 Kxf6 27.f4 Kf5 28.Rcd2 Ke4
29.Re1+ Kxf4 30.Rxe7 Bxc4 31.b3 Bg8 32.Kf2 a5 33.Rd3 h5 34.h4 Kg4 35.Rg3+ {#r}
1-0

[Event "Ch Quebec"]
[Site "masterchessopen.com Quebec (Canada)"]
[Round "4"]
[White "Teuton L Frank (CAN)"]
[Black "Prahov Valentin (BUL)"]
[Result "1-0"]
[WhiteElo "2225"]
[BlackElo "2224"]

1.e4 c5 2.Nf3 Nc6 3.d4 cxd4 4.Nxd4 g6 5.c4 Bg7 6.Nc2 Nf6 7.Nc3 O-O 8.Be2 d6
9.O-O a5 10.Bg5 a4 11.Qd2 Re8 12.Rad1 Qa5 13.Kh1 Be6 14.f4 Bg4 15.Bf3 Be6
16.Ne3 Qb4 17.Ncd5 Bxd5 18.cxd5 Qxd2 19.Rxd2 Nb4 20.a3 Na6 21.e5 Nd7 22.Ng4
Nac5 23.e6 Nf6 24.exf7+ Kxf7 25.Re2 Rac8 26.f5 gxf5 27.Nxf6 exf6 28.Bh5+ Kf8
29.Bxe8 Rxe8 30.Rxe8+ Kxe8 31.Be3 Nd3 32.Rxf5 Nxb2 33.Rf4 Kf7 34.Rb4 f5
35.Rxb7+ Kg6 36.Rxg7+ {#r} 1-0

[Event "It (open)"]
[Site "masterchessopen.com Akropolis (Greece)"]
[Round "0"]
[White "Kofidis Andreas (GRE)"]
[Black "Georgandzis Konstantinos (GRE)"]
[Result "1-0"]
[WhiteElo "2350"]
[BlackElo "2265"]

1.e4 c5 2.Nf3 Nc6 3.d4 cxd4 4.Nxd4 g6 5.c4 Bg7 6.Nc2 d6 7.Be2 Be6 8.O-O Rc8
9.Ne3 Nf6 10.Nc3 O-O 11.Ned5 Na5 12.Qa4 Nxd5 13.Nxd5 Nc6 14.Bg5 Bxd5 15.cxd5
Nd4 16.Bd3 a6 17.Rac1 h6 18.Rxc8 Qxc8 19.Bxe7 Qg4 20.Qd1 Qf4 21.g3 Qe5 22.Bxf8
Kxf8 23.Qg4 Kg8 24.Kg2 f5 25.Qf4 Qxf4 26.gxf4 fxe4 27.Bxe4 Nb5 28.a4 Nd4 {#r}
1-0

[Event "Ch Europe (team)"]
[Site "masterchessopen.com Debrecen (Hungary)"]
[Round "5"]
[White "Hlgatian Goar (ARM)"]
[Black "Tsifanskaya Ludmila A (ISR)"]
[Result "0-1"]
[WhiteElo "2118"]
[BlackElo "2117"]

1.e4 c5 2.Nf3 Nc6 3.d4 cxd4 4.Nxd4 g6 5.c4 Bg7 6.Nc2 d6 7.Be2 Nh6 8.O-O f5
9.Nc3 O-O 10.Bd2 fxe4 11.Nxe4 Nf5 12.Bc3 e5 13.Qd5+ Kh8 14.Rad1 Ncd4 15.Nxd4
exd4 16.Bb4 Re8 17.Rfe1 Re5 18.Nxd6 Rxd5 19.Nf7+ Kg8 20.Bf3 Kxf7 21.Bxd5+ Kf6
22.g4 Bf8 23.Bd2 Ne7 24.h4 Bxg4 25.Bg5+ Kg7 26.Rxd4 Bf5 27.Red1 Qc8 28.Bg2 a6
{#R} 0-1

[Event "It (open)"]
[Site "masterchessopen.com Finkenstein (Austria)"]
[Round "0"]
[White "Sermek Drazen (CRO)"]
[Black "Kovacic Mario (CRO)"]
[Result "1-0"]
[WhiteElo "2512"]
[BlackElo "2000"]

1.e4 c5 2.Nf3 Nc6 3.d4 cxd4 4.Nxd4 g6 5.c4 Bg7 6.Nc2 Nf6 7.Nc3 d6 8.Be2 Bd7
9.O-O O-O 10.b3 a6 11.Rb1 Rc8 12.Bb2 Qa5 13.a3 b5 14.b4 Qb6 15.Ne3 Be6 16.Ncd5
Bxd5 17.exd5 Nb8 18.cxb5 Bh6 19.Bd4 Qb7 20.bxa6 Nxa6 21.Qa4 Nb8 22.Qb5 Qxb5
23.Bxb5 Bxe3 24.Bxf6 exf6 25.fxe3 f5 26.a4 {#r} 1-0

[Event "Ch City (open)"]
[Site "masterchessopen.com Nassau (USA)"]
[Round "7"]
[White "Tamarkin Larry S (USA)"]
[Black "Luchan Jason (USA)"]
[Result "1-0"]
[WhiteElo "2073"]
[BlackElo "2109"]

1.c4 g6 2.e4 c5 3.Nf3 Bg7 4.d4 cxd4 5.Nxd4 Nc6 6.Nc2 d6 7.Nc3 Bxc3+ 8.bxc3 Qa5
9.Bd2 Nf6 10.f3 Qa4 11.Qb1 Nd7 12.Ne3 O-O 13.Be2 Nc5 14.O-O f5 15.exf5 Bxf5
16.Nxf5 Rxf5 17.f4 Raf8 18.g4 R5f6 19.f5 Kg7 20.Be3 Qa3 21.Qc2 R8f7 22.Bg5 Ne5
23.Bxf6+ Rxf6 24.fxg6 Rxg6 25.Qf5 Ne6 26.Kh1 Qxc3 27.Qe4 Nc5 28.Qf4 Ne6 29.Qe4
Nc5 30.Qf4 Ne6 31.Qf2 Rf6 32.Qh4 Qe3 33.Rxf6 exf6 34.Bf1 Nf3 35.Qg3 Nf4 36.Bg2
Ng5 37.Qxe3 {#r} 1-0

[Event "It (open) \"]
[Site "masterchessopen.com Budapest (Hungary)"]
[Round "7"]
[White "Chernyshov Konstantin (RUS)"]
[Black "Lehmann Holger (GER)"]
[Result "1-0"]
[WhiteElo "2559"]
[BlackElo "2187"]

1.e4 c5 2.Nf3 Nc6 3.d4 cxd4 4.Nxd4 g6 5.c4 Bg7 6.Nc2 d6 7.Be2 Nf6 8.Nc3 Nd7
9.Bd2 O-O 10.O-O Nc5 11.f3 a5 12.Rb1 f5 13.Ne3 Nd4 14.b3 e6 15.Nc2 Bd7 16.Be1
Nxc2 17.Qxc2 Bc6 18.exf5 gxf5 19.Rd1 Qe7 20.Bg3 Be5 21.Bxe5 dxe5 22.a3 Rfd8
23.b4 axb4 24.axb4 Na4 25.c5 Rd4 26.Rxd4 exd4 27.Nb5 Qd7 28.Nd6 Nc3 29.Bc4 Bd5
30.Qd3 Qa4 31.Qxd4 Qxb4 32.Nxf5 exf5 33.Bxd5+ Nxd5 34.Qxd5+ Kg7 35.Rd1 Rf8
36.Qe5+ Kg8 37.h3 Qa4 38.Rd6 Qe8 39.Re6 {#r} 1-0

[Event "It (open)"]
[Site "masterchessopen.com Calcutta (India)"]
[Round "0"]
[White "Hodgson Julian M (ENG)"]
[Black "Prasad Devaki V (IND)"]
[Result "1-0"]
[WhiteElo "2625"]
[BlackElo "2365"]

1.Nf3 c5 2.c4 Nc6 3.d4 cxd4 4.Nxd4 g6 5.e4 Bg7 6.Nc2 Nf6 7.Nc3 O-O 8.Be2 d6
9.O-O Be6 10.b3 Nd7 11.Bb2 Nc5 12.Rb1 Bxc3 13.Bxc3 Nxe4 14.Bb2 f5 15.Bf3 Bf7
16.Bxe4 fxe4 17.Qg4 e5 18.Ne3 Qe7 19.Qxe4 Rad8 20.f4 Be6 21.Rbe1 Qh4 22.g3 Qh5
23.Rd1 Rf7 24.c5 Bh3 25.Rf2 Nd4 26.Rxd4 {#r} 1-0